Gaming Quiz

Random Gaming or Color Quiz

Trivial Pursuit Categories Quiz Stats

 Plays Quiz Updated Feb 3, 2019

Support Sporcle.
Go Orange.
Score 0/9 Timer 02:00
0 Plays Today
Category % Correct
History
89.6%
Sports
87.7%
Science
80.5%
Entertainment
78.7%
Geography
72.4%
Literature
63%
Arts
53.4%
Leisure
45.8%
Nature
41.1%

From the Vault

Harry Potter Chain: Prisoner of Azkaban

by lolshortee

Don't let all that Time Turner stuff confuse you.
Remove Ads.
Support Sporcle.
Get the best of Sporcle when you Go Orange. This ad-free experience offers more features, more stats, and more fun while also helping to support Sporcle. Thank you for becoming a member.

Show Comments

Extras

Top Quizzes Today


Score Distribution

Your Account Isn't Verified!

In order to create a playlist on Sporcle, you need to verify the email address you used during registration. Go to your Sporcle Settings to finish the process.

Report this User

Report this user for behavior that violates our Community Guidelines.

Details: